| 000 | 00513nam a22001697a 4500 | ||
|---|---|---|---|
| 999 |
_c62546 _d62546 |
||
| 005 | 20241204113237.0 | ||
| 008 | 241204s2022 enk||||| |||| 00| 0 eng d | ||
| 041 | _aeng | ||
| 080 | _a159.922.4 M-45 | ||
| 100 |
_aMesquita, Batja _923855 |
||
| 245 |
_aBetween Us: _bHow Cultures Create Emotions / _cBatja Mesquita. |
||
| 264 |
_aNew York : _b W. W. Norton & Company, _c2022. |
||
| 300 |
_a290 p.; _b25 cm. |
||
| 653 | _aფსიქოლოგია | ||
| 653 | _aემოციები | ||
| 942 |
_2udc _cBK |
||